| 000 | 00627nam a2200205Ia 4500 | ||
|---|---|---|---|
| 003 | GCL | ||
| 008 | 140319s9999 xx 000 0 ara d | ||
| 040 |
_aGCL / _cGCL |
||
| 082 | 0 | 4 |
_a818.03 _bك ا |
| 100 | 1 | _aكامل الشناوى | |
| 245 | 1 | 0 |
_aاعترافات ابو نواس / _cكامل الشناوى |
| 300 | _a111 ص | ||
| 490 |
_aالهيئة العامة للاستعلامات _v0 |
||
| 650 | 0 | 4 | _aالادب العربى |
| 650 | 0 | 4 | _aابونواس، الحسن بن هانى |
| 650 | 0 | 4 | _aالقصص |
| 650 | 0 | 4 | _aالتراجم الذاتية |
| 650 | 0 | 4 | _aالحوار الادبى |
| 942 |
_2ddc _cBK |
||
| 999 |
_c50111 _d50111 |
||